| 000 | 00491nam a22001817a 4500 | ||
|---|---|---|---|
| 005 | 20251108173638.0 | ||
| 008 | 250721s2004 xx 000 0 ara d | ||
| 020 | _a1845571223 | ||
| 082 | 1 | 4 | _aJ/372.21/FAR |
| 245 | 1 | 0 | _aKnow About Farm Animals / |
| 264 | 1 |
_aIndia : _bNew Dawn Press Group، _c2004. |
|
| 300 | _a28P. | ||
| 490 | 0 | _aKNOW ABOUT | |
| 650 | 1 | 7 | _aREDING INSTRNCTION |
| 653 | _aأطفال مرحلة متوسطة (6-9) سنوات | ||
| 942 |
_2ddc _cBK |
||
| 999 |
_c108916 _d108916 |
||